[Event "Alushta Pobeda"]
[Site "Alushta"]
[Date "2003.05.??"]
[Round "?"]
[White "Dmitrenko, Viktor"]
[Black "Urban, Andrey"]
[Result "0-1"]
[WhiteElo "2487"]
[BlackElo "2347"]
[PlyCount "118"]
[EventDate "2003.05.01"]
[EventType "tourn"]
[EventRounds "13"]
[EventCountry "UKR"]
[EventCategory "8"]
[SourceTitle "CBM 094 Extra"]
[Source "ChessBase"]
[SourceDate "2003.07.09"]
[SourceVersion "2"]
[SourceVersionDate "2003.07.09"]
[SourceQuality "1"]

1. d4 e6 2. Nf3 f5 3. g3 Nf6 4. Bg2 d5 5. 0-0 Bd6 6. c4 c6 7. b3 Qe7 8. Bb2 0-0 9. Nbd2 b6 10. Ne5 Bb7 11. Ndf3 Nbd7 12. Nd3 Rac8 13. Nfe5 Rfd8 14. e3 c5 15. Nf4 Ne4 16. cxd5 exd5 17. Nxd7 Qxd7 18. dxc5 Bxf4 19. c6 Rxc6 20. gxf4 Qe7 21. Qd4 Rg6 22. f3 Nd6 23. Kh1 Re8 24. Rae1 Qh4 25. a4 Ree6 26. Ba1 Ne8 27. Qd2 Rh6 28. h3 Reg6 29. Bd4 Rxg2 30. Qxg2 Rg6 31. Qh2 Rg3 32. Rg1 Rxh3 33. Re2 Nf6 34. Rg5 Nh5 35. Kg1 Rxh2 36. Rxh2 Qe1+ 37. Kg2 Qe2+ 38. Kg1 Qd1+ 39. Kf2 Qd2+ 40. Kg1 Qe1+ 41. Kg2 Nxf4+ 42. exf4 Qd2+ 43. Bf2 Qxf4 44. Rg3 d4 45. Rh4 Qxh4 46. Rxg7+ Kxg7 47. Bxh4 Kf7 48. Bf2 d3 49. Be3 Ke6 50. Kf2 Ke5 51. Kg3 h5 52. Kf2 Bd5 53. b4 Bc6 54. a5 bxa5 55. bxa5 a6 56. Bb6 Kd5 57. Ke3 Kc4 58. Kd2 Bxf3 59. Bf2 Be2 0-1

[Event "Alushta Pobeda"]
[Site "Alushta"]
[Date "2003.05.??"]
[Round "?"]
[White "Lagno, Kateryna"]
[Black "Urban, Andrey"]
[Result "1-0"]
[WhiteElo "2417"]
[BlackElo "2347"]
[PlyCount "101"]
[EventDate "2003.05.01"]
[EventType "tourn"]
[EventRounds "13"]
[EventCountry "UKR"]
[EventCategory "8"]
[SourceTitle "CBM 094 Extra"]
[Source "ChessBase"]
[SourceDate "2003.07.09"]
[SourceVersion "2"]
[SourceVersionDate "2003.07.09"]
[SourceQuality "1"]

1. e4 c5 2. Nf3 Nc6 3. d4 cxd4 4. Nxd4 Nf6 5. Nc3 e5 6. Ndb5 d6 7. Bg5 a6 8. Na3 b5 9. Bxf6 gxf6 10. Nd5 f5 11. Bd3 Be6 12. 0-0 Bxd5 13. exd5 Ne7 14. c3 Bg7 15. Qh5 b4 16. cxb4 e4 17. Bc2 Bxb2 18. Rab1 Bxa3 19. Ba4+ Kf8 20. Qh6+ Kg8 21. Rb3 Ng6 22. Rxa3 Qh4 23. Qd2 Ne5 24. Rg3+ Kf8 25. Qg5 Qxg5 26. Rxg5 f4 27. Rf5 e3 28. fxe3 fxe3 29. Re1 Rc8 30. Rxe3 Rc4 31. a3 Rg8 32. h3 a5 33. Bb3 Rd4 34. bxa5 Ke7 35. Rc3 Ra8 36. Rc7+ Kf8 37. Bc2 Rxa5 38. Rh5 Ra8 39. Rxh7 Kg8 40. Rc3 Re8 41. Rg3+ Kf8 42. Rh8+ Ke7 43. Rxe8+ Kxe8 44. Bb3 Rd2 45. h4 Rd4 46. h5 Kf8 47. a4 Ng4 48. a5 Re4 49. Rf3 Rb4 50. a6 Rb6 51. Rf4 1-0

[Event "Alushta Pobeda"]
[Site "Alushta"]
[Date "2003.05.??"]
[Round "?"]
[White "Matjushin, Gennady"]
[Black "Urban, Andrey"]
[Result "1/2-1/2"]
[WhiteElo "2416"]
[BlackElo "2347"]
[PlyCount "189"]
[EventDate "2003.05.01"]
[EventType "tourn"]
[EventRounds "13"]
[EventCountry "UKR"]
[EventCategory "8"]
[SourceTitle "CBM 094 Extra"]
[Source "ChessBase"]
[SourceDate "2003.07.09"]
[SourceVersion "2"]
[SourceVersionDate "2003.07.09"]
[SourceQuality "1"]

1. c4 e6 2. g3 d5 3. Nf3 c6 4. b3 Nf6 5. Bg2 Be7 6. 0-0 0-0 7. Bb2 b6 8. Nc3 Bb7 9. d4 Nbd7 10. Rc1 c5 11. cxd5 Nxd5 12. Nxd5 Bxd5 13. Qd3 cxd4 14. Bxd4 Rc8 15. Rfd1 Rxc1 16. Rxc1 Bf6 17. Bxf6 Nxf6 18. Ne5 Qb8 19. Bxd5 Qxe5 20. Bf3 Qb2 21. Qc3 Qa3 22. b4 Qa4 23. a3 Rd8 24. Qc7 Rf8 25. Qc3 Rd8 26. e3 h6 27. Qb2 Qd7 28. Qc2 Qd3 29. Qxd3 Rxd3 30. Rc8+ Kh7 31. a4 Ra3 32. Bc6 Rc3 33. b5 Nd5 34. Ra8 a5 35. Bxd5 exd5 36. Rd8 Rc4 37. Rxd5 Rxa4 38. Rd6 Rb4 39. Rxb6 a4 40. Kg2 a3 41. Ra6 Rxb5 42. Rxa3 g6 43. Kf3 h5 44. h3 Kg7 45. Ra4 Rf5+ 46. Rf4 Rd5 47. Rd4 Rb5 48. Ke4 Rb2 49. Kf3 Rb5 50. Rd6 Rf5+ 51. Kg2 Ra5 52. g4 hxg4 53. hxg4 Rb5 54. Kg3 Ra5 55. Kf3 Rb5 56. Kf4 Rb7 57. f3 Ra7 58. g5 Rb7 59. e4 Ra7 60. Rd5 Rb7 61. Ke5 Re7+ 62. Kd4 Ra7 63. Rc5 Rd7+ 64. Ke5 Re7+ 65. Kf4 Ra7 66. Kg4 Rb7 67. Ra5 Rc7 68. Ra8 Rb7 69. Re8 Ra7 70. Rb8 Rc7 71. Rb4 Ra7 72. Rc4 Rb7 73. Rd4 Ra7 74. Kf4 Rb7 75. Ke3 Rb5 76. Rd5 Rb3+ 77. Rd3 Rb5 78. f4 Ra5 79. Rc3 Rb5 80. Kd4 Ra5 81. Rc5 Ra7 82. Kd5 Rd7+ 83. Ke5 Re7+ 84. Kd4 Ra7 85. Kd5 Rd7+ 86. Kc4 Rd1 87. Rc6 Rf1 88. Rf6 Rd1 89. Kc5 Rd2 90. Kc6 Rd1 91. Kc7 Rd2 92. e5 Rd1 93. Rd6 Rc1+ 94. Kd8 Rc4 95. Ke8 1/2-1/2

[Event "Alushta Pobeda"]
[Site "Alushta"]
[Date "2003.05.??"]
[Round "?"]
[White "Urban, Andrey"]
[Black "Alexandrova, Olga"]
[Result "1-0"]
[WhiteElo "2347"]
[BlackElo "2445"]
[PlyCount "113"]
[EventDate "2003.05.01"]
[EventType "tourn"]
[EventRounds "13"]
[EventCountry "UKR"]
[EventCategory "8"]
[SourceTitle "CBM 094 Extra"]
[Source "ChessBase"]
[SourceDate "2003.07.09"]
[SourceVersion "2"]
[SourceVersionDate "2003.07.09"]
[SourceQuality "1"]

1. e4 c5 2. Nf3 e6 3. d3 d5 4. Nbd2 Nc6 5. g3 g6 6. Bg2 Bg7 7. 0-0 Nge7 8. Nh4 g5 9. Nhf3 h6 10. c3 0-0 11. h3 b6 12. Re1 Ba6 13. Bf1 Qd7 14. Nh2 Rad8 15. Qh5 f5 16. Ndf3 Qe8 17. Qxe8 Rfxe8 18. exf5 exf5 19. Bd2 Kf7 20. Rad1 Bb5 21. Bc1 a5 22. Bg2 a4 23. a3 Ba6 24. Bf1 Ra8 25. Bg2 Rad8 26. Bf1 Rb8 27. Bg2 Red8 28. Bf1 Ng6 29. Bg2 Nf8 30. Bf1 Ne6 31. Be2 Bf6 32. Nf1 b5 33. Ne3 Kg6 34. g4 fxg4 35. Nxg4 Nf4 36. Bf1 Bc8 37. Bxf4 gxf4 38. d4 Bxg4 39. hxg4 cxd4 40. Re6 dxc3 41. Rxc6 cxb2 42. Ne5+ Kg7 43. Rc7+ Kg8 44. Nd7 Rxd7 45. Rxd7 Rc8 46. Bd3 Rc1 47. Rf1 Rc3 48. Rxd5 Rxa3 49. Bxb5 Ra1 50. Bd3 a3 51. Ra5 Bc3 52. Ra8+ Kg7 53. Bb1 Bd2 54. Rd1 Kf6 55. Kg2 Bc1 56. Ra6+ Ke5 57. Bf5 1-0

[Event "Alushta Pobeda"]
[Site "Alushta"]
[Date "2003.05.??"]
[Round "?"]
[White "Urban, Andrey"]
[Black "Kovalev, Andrei"]
[Result "0-1"]
[WhiteElo "2347"]
[BlackElo "2540"]
[PlyCount "72"]
[EventDate "2003.05.01"]
[EventType "tourn"]
[EventRounds "13"]
[EventCountry "UKR"]
[EventCategory "8"]
[SourceTitle "CBM 094 Extra"]
[Source "ChessBase"]
[SourceDate "2003.07.09"]
[SourceVersion "2"]
[SourceVersionDate "2003.07.09"]
[SourceQuality "1"]

1. e4 c5 2. Nc3 Nc6 3. Bb5 Nd4 4. Ba4 a6 5. d3 e6 6. Nf3 b5 7. Bb3 Nxb3 8. axb3 Bb7 9. 0-0 Ne7 10. Bf4 Ng6 11. Bg3 Be7 12. Ne5 Nxe5 13. Bxe5 0-0 14. Ne2 f5 15. f3 d6 16. Bc3 Qd7 17. b4 cxb4 18. Bxb4 Rac8 19. Nd4 Bf6 20. c3 Rfe8 21. Re1 Kh8 22. Qb3 Be5 23. Ne2 fxe4 24. dxe4 Qf7 25. Qa3 d5 26. exd5 Bxd5 27. Bd6 Bf6 28. Qxa6 Bg5 29. Nd4 e5 30. Nxb5 Bd2 31. Rxe5 Ra8 32. Na7 Rxe5 33. Bxe5 Be3+ 34. Kh1 Qxf3 35. Qf1 Rxa7 36. Bxg7+ Kg8 0-1